00777nam a2200229Ia 4500003000900000008004100009020001800050040001600068080001600084245010100100260003400201300002300235650002400258650001600282650002900298700003200327700003100359700003200390942000700422999001700429952010100446IN-BaIIA211028s9999 xx 000 0 eng d a0-7503-0355-7 cIIA Library a53bTWE-III 0aTwentieth century physicsbvol. IIIcedited by Laurie M. Brown, Abraham Pais, Sir Brian Pippard. aBristolbIOP Publishingc1995 a[various pagings.] a20th Century919603 aPhysics973 aTwentieth century920050 aLaurie M Brown., ed.920051 aPais, Abraham., ed.920052 aPippard, Brian., ed.920053 cBK c11607d11607 00104070aBANbBANcGENd1995-12-27eWWB l0o53/ TWE-IIIp12522r2021-11-05w1995-12-27yBK